000 00609nam a22002057a 4500
005 20170124110251.0
010 _aB-064952
020 _c160.00
_a8171941966
035 _aB-064952
037 _bCen Lib/Ret
040 _aDPL
_bEN
082 _a346.04
_bTAX
245 _aWealth taxact and gift tax act :
_bwith rules /
260 _aNew Delhi
_bTaxmann Publications
_c1999
270 _a 59/32, New Rohatak Road
_bNew Delhi
_e110005
300 _aVarious pages
_c22cm(Hb)
650 _aCommerce
_999173
650 _aWealth tax act- 1957
_999174
942 _2ddc
_cEN
_h346.04
_kTAX
999 _c135908
_d135908